UM Logo

Introductory microeconomics/ (Record no. 2220)

MARC details
000 -LEADER
fixed length control field 00702nam a2200193 4500
008 - FIXED-LENGTH DATA ELEMENTS--GENERAL INFORMATION
fixed length control field 160502b xxu||||| |||| 00| 0 eng d
020 ## - INTERNATIONAL STANDARD BOOK NUMBER
International Standard Book Number 971234455X
082 ## - DEWEY DECIMAL CLASSIFICATION NUMBER
Edition number 2006
Classification number DFil 338.5
Item number P14i
100 ## - MAIN ENTRY--PERSONAL NAME
9 (RLIN) 7262
Personal name Pagoso, Cristobal M.
245 ## - TITLE STATEMENT
Title Introductory microeconomics/
Statement of responsibility, etc. Cristobal M. Pagoso, Rosemary P. Dinio and George A. Villasis.
250 ## - EDITION STATEMENT
Edition statement Third Edition
260 ## - PUBLICATION, DISTRIBUTION, ETC. (IMPRINT)
Place of publication, distribution, etc. Manila:
Name of publisher, distributor, etc. Rex Book Store,
Date of publication, distribution, etc. c2006.
300 ## - PHYSICAL DESCRIPTION
Extent xiii, 262 pages:
Other physical details Illustrations;
Dimensions 26 cm.
500 ## - GENERAL NOTE
General note Includes appendix, bibliographical references and index.
650 #0 - SUBJECT ADDED ENTRY--TOPICAL TERM
9 (RLIN) 7263
Topical term or geographic name as entry element Microeconomics
700 ## - ADDED ENTRY--PERSONAL NAME
9 (RLIN) 7264
Personal name Dinio, Rosemary P.
Relator term Author
700 ## - ADDED ENTRY--PERSONAL NAME
9 (RLIN) 7265
Personal name Villasis, George A.
Relator term Author
942 ## - ADDED ENTRY ELEMENTS (KOHA)
Source of classification or shelving scheme Dewey Decimal Classification
Koha item type Filipiniana
Holdings
Withdrawn status Lost status Source of classification or shelving scheme Damaged status Not for loan Collection code Home library Current library Date acquired Source of acquisition Total Checkouts Full call number Barcode Date last seen Date last checked out Copy number Price effective from Koha item type
    Dewey Decimal Classification     Filipiniana UM Digos College - LIC UM Digos College - LIC 11/19/2007 Purchased 1 DFil 338.5 P14i 2006 19366 07/11/2017 07/11/2017 1 05/02/2016 Filipiniana
    Dewey Decimal Classification     Filipiniana UM Digos College - LIC UM Digos College - LIC 11/19/2007 Purchased   DFil 338.5 P14i 2006 19367 06/08/2021   2 05/06/2016 Filipiniana